000 00613nam a22001937a 4500
999 _c186220
_d186220
005 20220217115034.0
010 _aENG-131651
020 _a9788194878209
_c343.00
035 _aEN-115183
037 _bDBAD
082 _a540
100 _aRani, V. Anitha
245 _aChemistry/
_cV. Anitha Rani, V.N.S.R. Venkateswara Rao
260 _aHyderabad
_bSpectrum Publishing House
_c2021
270 _a# 326/C, III Floor, Surneni Nilayam Near B K Guda Park, S R Nagar
_bHyderabad
_e500038
300 _a352p.
_c24cm(pbk)
700 _aRao, V.N.S.R. Venkateswara
942 _2ddc
_cEN
_h540
_mRAN